LEADER 02223nam0 2200445 i 450 001 BVE0041401 005 20251003044052.0 010 $a8820482908 100 $a19960904d1993 ||||0itac50 ba 101 | $aita 102 $ait 181 1$6z01$ai $bxxxe 182 1$6z01$an 200 1 $aˆL'‰esperienza tedesca$eun modello sociale in trasformazione$eil futuro della società e del lavoro$fscritti di Gian Primo Cella ... [et al.]$ga cura di Gian Primo Cella e Ulrich Mückenberger 210 $aMilano$cF. Angeli$d[1993] 215 $a103 p.$d22 cm. 225 | $aQuaderni$fFondazione Feltrinelli$v45 314 $aSC/UBO 18/03/96$9CFIV003902 410 0$1001CFI0017860$12001 $aQuaderni$fFondazione Feltrinelli$v45$171202$aFondazione Giangiacomo Feltrinelli$3CFIV010252 606 $aRelazioni industriali$xGermania$2FIR$3CFIC064984$9I 606 $aAziende$xGestione$xPartecipazione dei lavoratori$xGermania$2FIR$3CFIC064986$9E 676 $a306$9CULTURA E ISTITUZIONI$v20 676 $a331$9ECONOMIA DEL LAVORO$v12 676 $a331.0943$9ECONOMIA DEL LAVORO. Germania$v23 676 $a331.09430904$9ECONOMIA DEL LAVORO IN GERMANIA NEL 20. SECOLO$v20 686 $aDE/443.0$cECONOMIA E SOCIETA REPUBBLICA FEDERALE TEDESCA 1968-1989$2R 686 $aX0.8/1991$cATTI DI CONVEGNI CONGRESSI CONFERENZE 1991$2R 696 $aImprese$aLavoratori$aPartecipazione 699 $aAziende$yImprese 699 $aPartecipazione dei lavoratori$xLavoratori$xPartecipazione 702 1$aMückenberger$b, Ulrich$3BVEV014814 702 1$aCella$b, Gian Primo$3CFIV003902 801 3$aIT$bIT-000000$c19960904 850 $aIT-BN0095 $aIT-NA0120 901 $bNAP 01$cPOZZO LIB.$nVi sono collocati fondi di economia, periodici di ingegneria e scienze, periodici di economia e statistica e altri fondi comprendenti documenti di economia pervenuti in dono. 912 $aBVE0041401 950 0$aBiblioteca Centralizzata di Ateneo$c1 v.$d 01POZZO LIB.ECON MON 8542$e 0101 0000096925E VMA 1 v. (Precedente collocazione GUERRAZZI B 962)$fB $h20080226$i20080226 977 $a 01$a CR 996 $aEsperienza tedesca$961259 997 $aUNISANNIO